000 00551nam a2200193Ia 4500
005 20250508154728.0
008 008 250505s9999 xx 000 0 eng d
037 _aTextual
040 _aFEDL
_beng
_cFEDL
041 _aeng
_2eng
084 _a372, HIL
_qFEDL
100 _aHillson Maurie
_993211
245 0 _aElementary education : Current issues and research
260 _aNew York, USA
_bThe Free Press
_c1967
300 _axiii,315p
650 _aElementary Education
942 _cTEXL
_h372, HIL
999 _c1351830
_d1351830